|
|
|
|
| LEADER |
00000cam a2200000 a 4500 |
| 001 |
vtls001114181 |
| 003 |
SK-MaSNL |
| 005 |
20260302051507.0 |
| 008 |
250313s1978 xo 000 d slo |
| 015 |
|
|
|a SNBA1979
|
| 035 |
|
|
|a SNK000057024
|
| 035 |
|
|
|a urn:nbn:sk:snk-amju5d
|
| 035 |
|
|
|a urn:nbn:sk:snk-am0083ro
|
| 035 |
|
|
|a A9184A58-3437-4122-8755-317D89C5DF0F
|
| 040 |
|
|
|a SNK
|b slo
|c SNK
|e AACR2
|
| 041 |
1 |
|
|a slo
|h eng
|
| 044 |
|
|
|a xo
|c SK
|
| 080 |
|
|
|a 820-2
|2 1981
|
| 100 |
1 |
|
|a Shakespeare, William,
|d 1564-1616
|4 aut
|9 92336
|
| 240 |
1 |
0 |
|a Romeo and Juliet
|l Slovensky
|
| 245 |
1 |
0 |
|a Romeo a Júlia
|b tragédia v piatich dejstvách
|c Wiliam Shakespeare ; [ z anglického originálu ... preložil Jozef Kot]
|
| 260 |
|
|
|a Bratislava
|b Lita
|c 1978
|
| 300 |
|
|
|a 101 s.
|c 29 cm
|
| 650 |
0 |
7 |
|a anglické drámy
|2 SNKPH
|9 110411
|
| 700 |
1 |
|
|a Kot, Jozef,
|d 1936-2022
|4 trl
|9 87654
|
| 852 |
|
|
|a Slovenská národná knižnica
|
| 958 |
|
|
|a LX
|
| 958 |
|
|
|a UP
|
| 958 |
|
|
|a OND
|
| 999 |
|
|
|c 1101407
|d 1103337
|
| 952 |
|
|
|t P60, <04>, [BOOK], {604}
|a SNK
|b SNK
|y VYP
|7 0
|p 17A0038812
|o snkSB 27608 D1
|i snkKSP 980/79
|0 0
|1 0
|4 0
|d 1997-02-17
|l 0
|r 2004-12-31 00:00:00
|w 2026-02-24
|
| 952 |
|
|
|a SNK
|b SNK
|y PREZ
|7 0
|p 17A0971221
|o snkSB 27608
|i snkKSP 979/79
|0 0
|1 0
|4 0
|d 2012-07-25
|f 1
|l 0
|r 2025-04-01 00:00:00
|w 2026-02-24
|